[Event "Stay Safe Play From Home 164"]
[Site "T#646228Emanuel Laske"]
[Date "2020.05.21"]
[Round "7"]
[White "Sfantul321"]
[Black "Haris kollari 13"]
[Result "1-0"]
[WhiteElo "1943"]
[BlackElo "1661"]
[Annotator "NA"]
[PlyCount "73"]
[EventDate "2020.05.21"]
[EventType "swiss (blitz)"]

1. c4 {[%emt 0:00:01]} e6 {[%emt 0:00:00]} 2. Nc3 {[%emt 0:00:00]} c5 {[%emt 0:00:01]} 3. e3 {[%emt 0:00:01]} Nc6 {[%emt 0:00:01]} 4. g3 {[%emt 0:00:01]} e5 {[%emt 0:00:01]} 5. Bg2 {[%emt 0:00:00]} d6 {[%emt 0:00:00]} 6. Nge2 {[%emt 0:00:00]} Be7 {[%emt 0:00:01]} 7. O-O {[%emt 0:00:00]} Be6 {[%emt 0:00:01]} 8. d3 {[%emt 0:00:00]} Qd7 {[%emt 0:00:01]} 9. Nd5 {[%emt 0:00:01]} O-O-O {[%emt 0:00:05]} 10. f4 {[%emt 0:00:01]} Bh3 {[%emt 0:00:03]} 11. a3 {[%emt 0:00:02]} Bxg2 {[%emt 0:00:02]} 12. Kxg2 {[%emt 0:00:01]} f6 {[%emt 0:00:01]} 13. Rb1 {[%emt 0:00:01]} Nh6 {[%emt 0:00:03]} 14. b4 {[%emt 0:00:01]} cxb4 {[%emt 0:00:01]} 15. axb4 {[%emt 0:00:01]} Rhf8 {[%emt 0:00:06]} 16. Qa4 {[%emt 0:00:02]} Nb8 {[%emt 0:00:04]} 17. Qxa7 {[%emt 0:00:02]} Rde8 {[%emt 0:00:03]} 18. Nb6+ {[%emt 0:00:02]} Kc7 {[%emt 0:00:03]} 19. Nxd7 {[%emt 0:00:01]} Nxd7 {[%emt 0:00:01]} 20. c5 {[%emt 0:00:04]} Ra8 {[%emt 0:00:01]} 21. Ra1 {[%emt 0:00:01]} Rxa7 {[%emt 0:00:02]} 22. Rxa7 {[%emt 0:00:01]} dxc5 {[%emt 0:00:00]} 23. bxc5 {[%emt 0:00:01]} Bxc5 {[%emt 0:00:00]} 24. Ra4 {[%emt 0:00:02]} b6 {[%emt 0:00:01]} 25. Ba3 {[%emt 0:00:01]} Rc8 {[%emt 0:00:05]} 26. Rc1 {[%emt 0:00:02]} Kb7 {[%emt 0:00:01]} 27. d4 {[%emt 0:00:03]} exd4 {[%emt 0:00:02]} 28. exd4 {[%emt 0:00:01]} Bxa3 {[%emt 0:00:01]} 29. Rxa3 {[%emt 0:00:01]} Rxc1 {[%emt 0:00:01]} 30. Nxc1 {[%emt 0:00:01]} Nf5 {[%emt 0:00:00]} 31. Ne2 {[%emt 0:00:01]} Nb8 {[%emt 0:00:02]} 32. g4 {[%emt 0:00:02]} Nd6 {[%emt 0:00:01]} 33. Re3 {[%emt 0:00:01]} Nc6 {[%emt 0:00:01]} 34. Re6 {[%emt 0:00:02]} Nc4 {[%emt 0:00:02]} 35. d5 {[%emt 0:00:01]} Nb4 {[%emt 0:00:02]} 36. Re7+ {[%emt 0:00:01]} Ka6 {[%emt 0:00:01]} 37. Rxg7 {[%emt 0:00:00] (Lag: Av=0.31s, max=0.6s)} 1-0

[Event "Stay Safe Play From Home 164"]
[Site "T#646228Emanuel Laske"]
[Date "2020.05.21"]
[Round "7"]
[White "Haxhi Baha"]
[Black "Mepe_Nika"]
[Result "0-1"]
[WhiteElo "1939"]
[BlackElo "2307"]
[Annotator "TA"]
[PlyCount "64"]
[EventDate "2020.05.21"]
[EventType "swiss (blitz)"]

{[%evp 12,63,42,31,603,57,836,-35,-32,-118,-25,-75,-60,-197,-194,-183,-47,-52,-43,-424,-408,-413,-142,-541,-532,-516,-475,-737,-637,-737,-644,-664,-656,-29988,-1713,-29989,-1637,-1629,-1537,-29983,-29983,-29981,-29982,-29991,-29988,-29992,-29989,-29999,-29997,-29999,-29998,-29998,-29999,-29999]} 1. e4 c6 2. Nf3 d5 3. Nc3 dxe4 4. Nxe4 Nd7 5. Bc4 Ngf6 6. Neg5 e6 7. Qe2 $1 {And now Nxf7! would win.} Bd6 $2 {[%mdl 8192] [#] B11: Caro-Kann: Two Knights Variation.} (7... Nd5 $14) 8. d4 $2 (8. Nxf7 $1 $18 {[%mdl 512]} Qe7 (8... Kxf7 9. Qxe6+) 9. Nxh8) 8... h6 $2 {[%mdl 8192] [#]} (8... Nb6 $14) 9. Nh3 $2 ({White has to play} 9. Nxf7 $1 $18 {[%mdl 512]} Qc7 (9... Kxf7 10. Qxe6+) 10. Nxh8) 9... Qc7 {Black is slightly better.} 10. Bd2 {[#]} (10. O-O $15) 10... b6 $146 (10... b5 $17 11. Bd3 Bb7) ({Predecessor:} 10... g5 11. Nhg1 b6 12. O-O-O Bb7 13. Re1 O-O-O 14. h4 g4 15. Ne5 c5 16. f4 Bxe5 17. dxe5 {0-1 (30) Bazhenov,V (2077)-Russkikh,N (1881) Izhevsk 2014}) 11. O-O-O b5 12. Bxe6 (12. Bd3 $15) 12... fxe6 $19 13. Qxe6+ Kf8 ({Black should play} 13... Kd8 $19 {Threatens to win with ...Nb6.} 14. Qe1 Nb6) 14. Nh4 $1 $15 {[%cal Rh4g6]} Ne5 $1 {[%cal Re5d3] [#]} 15. dxe5 $4 {[%mdl 8192] Black continues to play with concentration.} (15. Nf4 $1 $15 {[%mdl 512]} Nf7 16. Nfg6+ Kg8 17. Qe3) 15... Bxe6 $19 16. exd6 Qxd6 $2 (16... Qf7 $19 17. Nf4 Nd5 18. Nhg6+ Kg8 19. Nxh8 Kxh8 20. Nxd5 cxd5) 17. Ng6+ $2 {[%mdl 8192]} (17. Bf4 $17 {was the crucial defense.} Qxd1+ 18. Rxd1) 17... Kf7 18. Nxh8+ Rxh8 {[#]} 19. Bf4 (19. Bxh6 $142 $1 {[%mdl 512]} Bd5 (19... gxh6 20. Rxd6) 20. Be3) 19... Qc5 20. Kb1 Re8 21. Be3 Qc4 22. Nf4 Qxa2+ 23. Kc1 Qa1+ (23... Ne4 $142 24. Rd7+ Bxd7 25. c3 Nxf2 26. g4 Bxg4 27. h3 Qa1+ 28. Kc2 Bf5+ 29. Kd2 Qxb2+ 30. Ke1 Rxe3+ {[%mdl 64] Double Attack} 31. Kf1 Nd3 32. Nxd3 Bxd3+ 33. Kg1 Rg3#) 24. Kd2 Qxb2 {Hoping for ...Bc4.} 25. Ke2 Bc4+ {Black mates.} 26. Kf3 Qxc2 27. Rd2 Qe4+ 28. Kg3 g5 29. Nh3 Bd5 {[%csl Gd5][%cal Re4g2]} 30. f4 Nh5+ 31. Kg4 Be6+ 32. Kxh5 Qg6# {Accuracy: White = 15%, Black = 38%.} 0-1

[Event "Stay Safe Play From Home 164"]
[Site "T#646228Emanuel Laske"]
[Date "2020.05.21"]
[Round "7"]
[White "SecantFX"]
[Black "Lamborghini"]
[Result "0-1"]
[WhiteElo "1901"]
[BlackElo "2199"]
[Annotator "TA"]
[PlyCount "98"]
[EventDate "2020.05.21"]
[EventType "swiss (blitz)"]

{[%evp 9,98,-53,-14,-72,-27,-37,-42,-50,-49,-45,-44,-75,-66,-104,0,-225,-19,-255,0,0,0,-127,-139,-240,-236,-429,-256,-266,-140,-372,-335,-518,-479,-466,-444,-398,-273,-1823,-1784,-29984,-29984,-29982,-29980,-29996,-29991,-29991,-29989,-29994,-29984,-29991,-29990,-29993,-29992,-29994,-29992,-29994,-29991,-29996,-29995,-29996,-29994,-29994,-29995,-29995,-29995,-29995,-29995,-29995,-29995,-29996,-29996,-29996,-29996,-29996,-29995,-29996,-29995,-29995,-29996,-29996,-29995,-29995,-29995,-29996,-29997,-29997,-29996,-29996,-29996,-29996,-29997]} 1. g3 g6 2. Bg2 Bg7 3. f4 Nf6 4. c3 O-O 5. d4 d6 {[#]} 6. Nd2 $146 {A02: Bird's Opening.} (6. Nh3 $11 {remains equal.}) ({Predecessor:} 6. e4 e5 7. fxe5 dxe5 8. d5 Nbd7 9. c4 Nc5 10. Nc3 a5 11. Nge2 Qe7 12. O-O {1-0 (71) Jablonicky,F (2008)-Valenta,V (2169) Tatranske Zruby 2019}) 6... Nc6 (6... e5 $5) 7. e4 e5 8. fxe5 {Black is slightly better.} dxe5 9. d5 Ne7 10. Ngf3 c6 11. c4 Qb6 (11... cxd5 $6 12. cxd5 Qa5 13. O-O $11) ({Black should try} 11... b5 $17 12. Qe2 (12. Nxe5 cxd5 13. cxd5 Re8 $15) 12... Bg4) 12. a4 $2 (12. d6 $11 {and White has nothing to worry.} Ng4 13. Qe2) 12... a5 $2 $40 {[%mdl 128] White needs to defend precisely.} ({Stronger than} 12... cxd5 13. cxd5 Ng4 14. Qe2 $15) (12... Ng4 $1 $19 {[%csl Gg4][%cal Rb6f2]} 13. Qe2 Ne3) 13. b3 $2 {[#]} (13. d6 $11 Ng4 14. Qe2) 13... Nd7 $2 ({Weaker is} 13... cxd5 14. cxd5 Nexd5 15. exd5 $17) ({Better is} 13... Ng4 $1 $19 {[%csl Gg4][%cal Rb6f2]} 14. Qe2 Ne3) 14. Ba3 $11 Nc5 15. Bxc5 (15. Qe2 $11 Nf5 16. exf5) 15... Qxc5 $17 {Black keeps a firm grip on the game.} 16. Rb1 (16. Qe2 $17) 16... Bg4 $19 ({Don't play} 16... cxd5 17. cxd5 f5 18. Rc1 $17) 17. Qc2 $2 (17. h3 Bxf3 18. Qxf3) 17... f5 (17... Qe3+ $2 18. Kf1 $19) (17... cxd5 $142 {...f5 is the strong threat.} 18. Qd3 dxe4 19. Nxe4 Qa7) 18. Qd3 f4 (18... cxd5 $19 19. cxd5 Rad8) 19. h3 $2 {[#]} (19. Ng5 $17) 19... Bxf3 $1 20. Nxf3 (20. Qxf3 {was worth a try.} fxg3 21. Qxg3) 20... fxg3 21. Rf1 Rf4 22. Ke2 Raf8 {Hoping for ...cxd5.} 23. Ng5 $2 (23. d6 Nc8 24. d7) 23... Rf2+ 24. Rxf2 Rxf2+ {Black mates.} 25. Kd1 Rxg2 26. Qe2 Rxe2 27. Kxe2 cxd5 28. Ne6 Qc6 29. exd5 {[#]} Qb6 $1 30. Re1 Qxb3 31. Rc1 g2 32. d6 Nc6 33. Nc5 Qg3 34. Ne4 {[#]} Qf4 $1 35. Kd3 Qf3+ 36. Kc2 Qxe4+ 37. Kb3 {[#]} Qe3+ $1 38. Rc3 Qc5 39. Kc2 Nd4+ 40. Kd2 Qxd6 41. Rd3 Nf3+ 42. Kc3 {[#]} Qxd3+ $1 {[%mdl 64] Promotion} 43. Kxd3 g1=Q 44. Ke4 Qd4+ 45. Kxf3 Qf4+ 46. Ke2 e4 47. Kd1 Bd4 48. Kc2 Qf3 49. Kc1 Qd3 {Accuracy: White = 27%, Black = 46%.} 0-1

[Event "Stay Safe Play From Home 164"]
[Site "T#646228Emanuel Laske"]
[Date "2020.05.21"]
[Round "7"]
[White "Klausen"]
[Black "Mandy"]
[Result "1-0"]
[WhiteElo "1805"]
[BlackElo "899"]
[Annotator "NA"]
[PlyCount "43"]
[EventDate "2020.05.21"]
[EventType "swiss (blitz)"]

1. Nf3 {[%emt 0:00:02]} c6 {[%emt 0:00:01]} 2. d4 {[%emt 0:00:01]} Nf6 {[%emt 0:00:01]} 3. c4 {[%emt 0:00:01]} g6 {[%emt 0:00:01]} 4. Nc3 {[%emt 0:00:02]} Bg7 {[%emt 0:00:03]} 5. Bg5 {[%emt 0:00:01]} d5 {[%emt 0:00:02]} 6. cxd5 {[%emt 0:00:02]} Nxd5 {[%emt 0:00:05]} 7. e3 {[%emt 0:00:02]} O-O {[%emt 0:00:04]} 8. Be2 {[%emt 0:00:01]} e6 {[%emt 0:00:03]} 9. Bxd8 {[%emt 0:00:03]} Rxd8 {[%emt 0:00:04]} 10. O-O {[%emt 0:00:02]} e5 {[%emt 0:00:05]} 11. Rc1 {[%emt 0:00:03]} e4 {[%emt 0:00:02]} 12. Nxe4 {[%emt 0:00:02]} f5 {[%emt 0:00:02]} 13. Nc5 {[%emt 0:00:01]} b6 {[%emt 0:00:02]} 14. Nb3 {[%emt 0:00:03]} Be6 {[%emt 0:00:03]} 15. Ne5 {[%emt 0:00:02]} Bxe5 {[%emt 0:00:03]} 16. dxe5 {[%emt 0:00:02]} Nb4 {[%emt 0:00:07]} 17. Qxd8+ {[%emt 0:00:03]} Kg7 {[%emt 0:00:03]} 18. Qe7+ {[%emt 0:00:02]} Bf7 {[%emt 0:00:02]} 19. Bc4 {[%emt 0:00:02]} Nxa2 {[%emt 0:00:04]} 20. Qxf7+ {[%emt 0:00:02]} Kh6 {[%emt 0:00:02]} 21. Qf8+ {[%emt 0:00:01]} Kg5 {[%emt 0:00:01]} 22. h4+ {[%emt 0:00:02] Zeit (Lag: Av=0.33s, max=0.8s)} 1-0

[Event "Stay Safe Play From Home 164"]
[Site "T#646228Emanuel Laske"]
[Date "2020.05.21"]
[Round "7"]
[White "Trotsky"]
[Black "Matanant"]
[Result "0-1"]
[WhiteElo "1563"]
[BlackElo "1755"]
[Annotator "NA"]
[PlyCount "56"]
[EventDate "2020.05.21"]
[EventType "swiss (blitz)"]

1. d4 {[%emt 0:00:01]} e6 {[%emt 0:00:01]} 2. e3 {[%emt 0:00:00]} f5 {[%emt 0:00:00]} 3. c4 {[%emt 0:00:00]} Nf6 {[%emt 0:00:00]} 4. Nc3 {[%emt 0:00:00]} Bb4 {[%emt 0:00:03]} 5. Bd3 {[%emt 0:00:01]} c5 {[%emt 0:00:02]} 6. Qc2 {[%emt 0:00:00]} Qa5 {[%emt 0:00:01]} 7. Bd2 {[%emt 0:00:01]} Nc6 {[%emt 0:00:01]} 8. Nf3 {[%emt 0:00:01]} cxd4 {[%emt 0:00:01]} 9. exd4 {[%emt 0:00:01]} O-O {[%emt 0:00:01]} 10. h4 {[%emt 0:00:01]} d6 {[%emt 0:00:07]} 11. g4 {[%emt 0:00:01]} fxg4 {[%emt 0:00:03]} 12. Ng5 {[%emt 0:00:01]} h6 {[%emt 0:00:02]} 13. Bh7+ {[%emt 0:00:03]} Kh8 {[%emt 0:00:02]} 14. O-O-O {[%emt 0:00:01]} Nxd4 {[%emt 0:00:02]} 15. Qg6 {[%emt 0:00:04]} Bxc3 {[%emt 0:00:04]} 16. Bxc3 {[%emt 0:00:01]} Ne2+ {[%emt 0:00:03]} 17. Kc2 {[%emt 0:00:05]} Nxc3 {[%emt 0:00:00]} 18. bxc3 {[%emt 0:00:01]} Qxa2+ {[%emt 0:00:01]} 19. Kc1 {[%emt 0:00:02]} Qxc4 {[%emt 0:00:02]} 20. Rd2 {[%emt 0:00:03]} Qxc3+ {[%emt 0:00:02]} 21. Rc2 {[%emt 0:00:01]} Qa3+ {[%emt 0:00:01]} 22. Kd1 {[%emt 0:00:01]} Bd7 {[%emt 0:00:01]} 23. Bg8 {[%emt 0:00:15]} Ba4 {[%emt 0:00:09]} 24. Bxe6 {[%emt 0:00:03]} Bxc2+ {[%emt 0:00:03]} 25. Kxc2 {[%emt 0:00:01]} Qc5+ {[%emt 0:00:05]} 26. Kd2 {[%emt 0:00:03]} Qd4+ {[%emt 0:00:02]} 27. Ke2 {[%emt 0:00:01]} Qe5+ {[%emt 0:00:02]} 28. Kf1 {[%emt 0:00:05]} Rae8 {[%emt 0:00:00] Âðåìÿ (Lag: Av=0.56s, max=0.9s)} 0-1

[Event "Stay Safe Play From Home 164"]
[Site "T#646228Emanuel Laske"]
[Date "2020.05.21"]
[Round "7"]
[White "Aleckst"]
[Black "Emresenar"]
[Result "0-1"]
[WhiteElo "1381"]
[BlackElo "1737"]
[Annotator "NA"]
[PlyCount "74"]
[EventDate "2020.05.21"]
[EventType "swiss (blitz)"]

1. e4 {[%emt 0:00:01]} b6 {[%emt 0:00:01]} 2. Nf3 {[%emt 0:00:01]} Bb7 {[%emt 0:00:00]} 3. Nc3 {[%emt 0:00:01]} Nf6 {[%emt 0:00:00]} 4. d4 {[%emt 0:00:00]} Nxe4 {[%emt 0:00:01]} 5. Qd3 {[%emt 0:00:03]} Nxc3 {[%emt 0:00:04]} 6. Qxc3 {[%emt 0:00:02]} g6 {[%emt 0:00:01]} 7. Be3 {[%emt 0:00:00]} Bg7 {[%emt 0:00:01]} 8. O-O-O {[%emt 0:00:00]} c5 {[%emt 0:00:01]} 9. Bc4 {[%emt 0:00:06]} O-O {[%emt 0:00:01]} 10. Qd3 {[%emt 0:00:02]} d5 {[%emt 0:00:02]} 11. dxc5 {[%emt 0:00:04]} bxc5 {[%emt 0:00:07]} 12. Bxd5 {[%emt 0:00:01]} Bxd5 {[%emt 0:00:02]} 13. Qxd5 {[%emt 0:00:01]} Qxd5 {[%emt 0:00:01]} 14. Rxd5 {[%emt 0:00:01]} c4 {[%emt 0:00:03]} 15. Rhd1 {[%emt 0:00:03]} Nc6 {[%emt 0:00:02]} 16. Nd4 {[%emt 0:00:04]} Nxd4 {[%emt 0:00:02]} 17. Bxd4 {[%emt 0:00:02]} Bxd4 {[%emt 0:00:00]} 18. R1xd4 {[%emt 0:00:02]} Rac8 {[%emt 0:00:02]} 19. Kd2 {[%emt 0:00:02]} e6 {[%emt 0:00:02]} 20. Rd7 {[%emt 0:00:02]} a6 {[%emt 0:00:01]} 21. Kc3 {[%emt 0:00:01]} Kg7 {[%emt 0:00:03]} 22. Rxc4 {[%emt 0:00:01]} Ra8 {[%emt 0:00:03]} 23. Rcc7 {[%emt 0:00:01]} Kf6 {[%emt 0:00:00]} 24. g4 {[%emt 0:00:02]} Rac8 {[%emt 0:00:01]} 25. h4 {[%emt 0:00:03]} Rxc7+ {[%emt 0:00:01]} 26. Rxc7 {[%emt 0:00:02]} Ke5 {[%emt 0:00:01]} 27. f3 {[%emt 0:00:02]} Kf4 {[%emt 0:00:01]} 28. Rc4+ {[%emt 0:00:02]} Kxf3 {[%emt 0:00:01]} 29. Ra4 {[%emt 0:00:01]} Rc8+ {[%emt 0:00:02]} 30. Kb3 {[%emt 0:00:01]} Rb8+ {[%emt 0:00:01]} 31. Ka3 {[%emt 0:00:01]} Rb6 {[%emt 0:00:00]} 32. Rb4 {[%emt 0:00:01]} Rxb4 {[%emt 0:00:03]} 33. Kxb4 {[%emt 0:00:00]} e5 {[%emt 0:00:00]} 34. c4 {[%emt 0:00:00]} e4 {[%emt 0:00:00]} 35. c5 {[%emt 0:00:00]} e3 {[%emt 0:00:01]} 36. c6 {[%emt 0:00:00]} e2 {[%emt 0:00:00]} 37. c7 {[%emt 0:00:00]} e1=Q+ {[%emt 0:00:00] Время (Lag: Av=0.48s, max=1.0s)} 0-1

[Event "Stay Safe Play From Home 164"]
[Site "T#646228Emanuel Laske"]
[Date "2020.05.21"]
[Round "8"]
[White "Mepe_Nika"]
[Black "Castlingarrocco"]
[Result "1-0"]
[WhiteElo "2311"]
[BlackElo "2023"]
[Annotator "TA"]
[PlyCount "71"]
[EventDate "2020.05.21"]
[EventType "swiss (blitz)"]

{[%evp 9,71,1,60,32,35,-23,10,17,72,82,75,81,134,108,122,122,127,110,261,185,173,145,380,379,369,364,422,435,453,427,419,412,397,408,413,409,581,575,641,606,708,690,695,700,724,716,766,708,835,768,1181,987,958,961,990,974,1158,1137,1126,1125,1125,1089,2163,2126]} 1. e4 e6 2. d4 d5 3. Bd3 dxe4 4. Bxe4 c6 5. c4 Nd7 ({Black should play} 5... Nf6 $11 6. Nc3 Nxe4 7. Nxe4 Bb4+ 8. Ke2 e5) 6. Nc3 {C01: French: Exchange Variation.} Ngf6 7. Bf3 (7. Nf3 $14) 7... Bb4 8. Nge2 {[#] The position is equal.} Bxc3+ $146 (8... O-O $11) ({Predecessor:} 8... O-O 9. O-O Re8 10. Ng3 Nb6 11. Qd3 e5 12. Nce2 exd4 13. Rd1 Be6 14. b3 Qe7 {0-1 (42) Kendall,T (1878)-Potter,K (1903) Hinckley Island 2012}) 9. Nxc3 $16 O-O 10. O-O Qe7 (10... e5 $142) 11. Bg5 h6 12. Bh4 g5 13. Bg3 c5 $2 {[#]} (13... Ne8 $16) 14. d5 e5 15. Re1 g4 $2 {This move loses the game for Black.} (15... Ne8 $16 {was necessary.} 16. Qe2 Nd6) 16. Bxg4 $18 Nxg4 17. Qxg4+ Kh8 18. Qh5 {[%mdl 64] [#] Double Attack} Qf6 19. Bxe5 Nxe5 20. Qxe5 ({Not} 20. Rxe5 Bg4 $16) 20... Qxe5 21. Rxe5 Bd7 22. Re7 Bf5 (22... Rad8 $142 23. Ne4 b6) 23. Rxb7 {White is clearly winning.} Bd3 24. b3 Rae8 25. Rd1 Bc2 26. Rc1 Bd3 27. f3 Re3 28. Rxa7 f5 29. Kf2 Ree8 30. Rc7 f4 31. Rxc5 Bf5 32. d6 Bd7 33. Ne4 Bf5 34. Re1 Rd8 35. Rd5 Rfe8 36. Rxf5 {Accuracy: White = 71%, Black = 42%.} 1-0

[Event "Stay Safe Play From Home 164"]
[Site "T#646228Emanuel Laske"]
[Date "2020.05.21"]
[Round "8"]
[White "SoulofWolf"]
[Black "Lamborghini"]
[Result "0-1"]
[WhiteElo "2144"]
[BlackElo "2204"]
[Annotator "TA"]
[PlyCount "74"]
[EventDate "2020.05.21"]
[EventType "swiss (blitz)"]

{[%evp 9,73,-25,-25,-25,-25,-34,786,-33,-28,-33,-29,-103,-101,-104,-104,-103,-34,-139,-37,-103,-53,-106,-92,-186,-181,-320,-313,-324,-245,-235,6,-441,-444,-428,-387,-850,-824,-1978,-1976,-1942,-1932,-2531,-2497,-2477,-2435,-2078,-1974,-1818,-1279,-1519,-1512,-1432,-1315,-2269,-2091,-29990,-29991,-29991,-29992,-29994,-29995,-29998,-29995,-29998,-29999,-29999]} 1. c4 g6 2. Nc3 Bg7 3. Nf3 c5 4. d3 Nc6 5. Bg5 {[#]} h6 $146 ({Predecessor:} 5... d6 6. e3 a6 7. Rb1 Rb8 8. Be2 b5 9. cxb5 axb5 10. a4 bxa4 11. d4 cxd4 12. exd4 {0-1 (60) Reuss,A (2372)-Ballmann,M (2422) Pfullendorf 2003}) 6. Bh4 {A34: Symmetrical English: 2 Nc3, lines with ...d5.} d6 (6... g5 $5 7. Bg3 $8 d6 $11) 7. e3 e5 $2 {[%mdl 8192]} (7... g5 $15 8. Bg3 f5) 8. Be2 $2 (8. Bxd8 $18 Kxd8 9. Nb5) 8... g5 $15 9. Bg3 f5 10. h4 (10. O-O $11 {keeps the balance.}) 10... g4 $1 $17 {[%cal Rg4f3]} 11. Nd2 {[#]} h5 $1 12. a3 Nf6 (12... Bh6 $17 13. O-O f4) 13. Rb1 {[#]} (13. f4 $15) 13... O-O (13... Bh6 $1 $17 14. Bh2 O-O) 14. b4 ({White should try} 14. f4 $1 $15) 14... Nd7 15. b5 (15. f3 $15) 15... Ne7 16. Qb3 (16. Bh2 $17) 16... f4 $19 17. exf4 (17. Bh2 {is the only way for White.}) 17... exf4 18. Bh2 Ne5 19. Nde4 Nf5 $2 (19... f3 $19 20. gxf3 Nxf3+ 21. Kd1 Nxh2 22. Rxh2 Nf5) 20. Bg1 $2 {[%mdl 8192]} (20. Bxf4 $11 {and White has nothing to worry.} Nd4 21. Bg5) 20... Nd4 21. Qd1 f3 22. Bf1 $2 (22. gxf3 gxf3 23. Bf1) 22... Bf5 23. Qd2 fxg2 24. Bxg2 Nef3+ 25. Bxf3 Nxf3+ 26. Ke2 Nxd2 27. Kxd2 Bh6+ 28. Kc2 Qe7 29. Re1 Bxe4 30. Rxe4 Qg7 31. Nd5 Rae8 32. f3 Rxe4 {Black mates.} 33. fxe4 {[#]} Qa1 $1 34. Ne7+ Kh7 35. Nf5 {[#]} Rxf5 $1 36. exf5 Qa2+ 37. Kc3 Bd2# {Accuracy: White = 20%, Black = 54%.} 0-1

[Event "Stay Safe Play From Home 164"]
[Site "T#646228Emanuel Laske"]
[Date "2020.05.21"]
[Round "8"]
[White "Sfantul321"]
[Black "Haxhi Baha"]
[Result "1-0"]
[WhiteElo "1949"]
[BlackElo "1936"]
[Annotator "NA"]
[PlyCount "103"]
[EventDate "2020.05.21"]
[EventType "swiss (blitz)"]

1. c4 {[%emt 0:00:01]} e5 {[%emt 0:00:02]} 2. Nc3 {[%emt 0:00:00]} Nc6 {[%emt 0:00:00]} 3. g3 {[%emt 0:00:00]} Bc5 {[%emt 0:00:01]} 4. Bg2 {[%emt 0:00:01]} d6 {[%emt 0:00:00]} 5. e3 {[%emt 0:00:00]} a6 {[%emt 0:00:01]} 6. Nge2 {[%emt 0:00:00]} Nf6 {[%emt 0:00:01]} 7. d4 {[%emt 0:00:01]} exd4 {[%emt 0:00:01]} 8. exd4 {[%emt 0:00:01]} Ba7 {[%emt 0:00:01]} 9. Bg5 {[%emt 0:00:01]} h6 {[%emt 0:00:02]} 10. Bxf6 {[%emt 0:00:01]} Qxf6 {[%emt 0:00:00]} 11. O-O {[%emt 0:00:00]} O-O {[%emt 0:00:01]} 12. Nd5 {[%emt 0:00:01]} Qd8 {[%emt 0:00:01]} 13. h3 {[%emt 0:00:00]} Ne7 {[%emt 0:00:01]} 14. Nxe7+ {[%emt 0:00:01]} Qxe7 {[%emt 0:00:00]} 15. Re1 {[%emt 0:00:01]} Qf6 {[%emt 0:00:02]} 16. d5 {[%emt 0:00:01]} Bf5 {[%emt 0:00:03]} 17. Rf1 {[%emt 0:00:01]} Rae8 {[%emt 0:00:01]} 18. b3 {[%emt 0:00:03]} Qb2 {[%emt 0:00:02]} 19. Nf4 {[%emt 0:00:01]} Be4 {[%emt 0:00:04]} 20. Bxe4 {[%emt 0:00:01]} Rxe4 {[%emt 0:00:00]} 21. Ng2 {[%emt 0:00:00]} Re2 {[%emt 0:00:02]} 22. Qb1 {[%emt 0:00:04]} Rxf2 {[%emt 0:00:04]} 23. Qxb2 {[%emt 0:00:02]} Rxb2+ {[%emt 0:00:03]} 24. Kh1 {[%emt 0:00:00]} Re8 {[%emt 0:00:02]} 25. Nf4 {[%emt 0:00:01]} Re3 {[%emt 0:00:03]} 26. Rg1 {[%emt 0:00:04]} g5 {[%emt 0:00:03]} 27. Nh5 {[%emt 0:00:02]} Ree2 {[%emt 0:00:01]} 28. Nf6+ {[%emt 0:00:03]} Kg7 {[%emt 0:00:01]} 29. Ng4 {[%emt 0:00:00]} h5 {[%emt 0:00:02]} 30. Rge1 {[%emt 0:00:01]} hxg4 {[%emt 0:00:01]} 31. Rxe2 {[%emt 0:00:01]} Rxe2 {[%emt 0:00:01]} 32. hxg4 {[%emt 0:00:00]} Bf2 {[%emt 0:00:04]} 33. a3 {[%emt 0:00:02]} Bxg3 {[%emt 0:00:01]} 34. b4 {[%emt 0:00:01]} Be5 {[%emt 0:00:01]} 35. Rc1 {[%emt 0:00:01]} Ra2 {[%emt 0:00:03]} 36. c5 {[%emt 0:00:01]} Rxa3 {[%emt 0:00:01]} 37. cxd6 {[%emt 0:00:00]} cxd6 {[%emt 0:00:00]} 38. Rc7 {[%emt 0:00:01]} b5 {[%emt 0:00:01]} 39. Ra7 {[%emt 0:00:01]} Ra4 {[%emt 0:00:00]} 40. Kg2 {[%emt 0:00:01]} Rxb4 {[%emt 0:00:00]} 41. Rxa6 {[%emt 0:00:01]} Rxg4+ {[%emt 0:00:01]} 42. Kf3 {[%emt 0:00:00]} Rb4 {[%emt 0:00:00]} 43. Rb6 {[%emt 0:00:01]} Rb3+ {[%emt 0:00:00]} 44. Ke4 {[%emt 0:00:01]} Rb1 {[%emt 0:00:00]} 45. Kd3 {[%emt 0:00:01]} b4 {[%emt 0:00:00]} 46. Kc2 {[%emt 0:00:01]} Rb2+ {[%emt 0:00:00]} 47. Kc1 {[%emt 0:00:01]} b3 {[%emt 0:00:00]} 48. Rb5 {[%emt 0:00:01]} g4 {[%emt 0:00:00]} 49. Rb4 {[%emt 0:00:01]} g3 {[%emt 0:00:00]} 50. Rg4+ {[%emt 0:00:01]} Kf6 {[%emt 0:00:00]} 51. Rg8 {[%emt 0:00:01]} Rc2+ {[%emt 0:00:00]} 52. Kd1 {[%emt 0:00:02] Time (Lag: Av=0.85s, max=1.3s) '} 1-0